Popular Songs - Statistics

General Stats
  • This quiz has been taken 6 times
  • The average score is 2 of 7
Answer Stats
Artist Song % Correct
Lady Gaga Bad Romance
67%
Imagine Dragons Enemy
50%
Bebe Rexha I'm Good
33%
Lady Gaga The Edge Of Glory
33%
Lewis Capaldi Forget Me
17%
Ava Max Kings and Queens
17%
Ava Max Million Dollar Baby
17%
No matching quizzes found
Score Distribution
Percent of People with Each Score
Percentile by Number Answered
Your Score History
You have not taken this quiz